[Event "Winnipeg Woodbury Memorial"]
[Site "Winnipeg"]
[Date "2019.11.05"]
[Round "1.5"]
[White "Czypinski, Jaroslaw"]
[Black "Myrzaibraimova, Aibike"]
[Result "1-0"]
[WhiteElo "1975"]
[BlackElo "1566"]
[PlyCount "73"]
[EventDate "2019.11.05"]
[EventType "swiss"]
[EventRounds "6"]
[EventCountry "CAN"]
[SourceTitle "EXT 2023"]
[Source "ChessBase"]
[SourceDate "2022.10.05"]
[SourceVersion "1"]
[SourceVersionDate "2022.10.05"]
[SourceQuality "1"]

1. e4 e6 2. d4 d5 3. Nc3 Nf6 4. Bg5 Be7 5. e5 Nfd7 6. Bxe7 Qxe7 7. Nf3 a6 8. Bd3 c5 9. dxc5 Nxc5 10. 0-0 0-0 11. Ne2 Nc6 12. Ned4 Bd7 13. c3 Qd8 14. Bc2 b5 15. Nxc6 Bxc6 16. Qd4 Qe7 17. Qg4 f5 18. exf6 Rxf6 19. Qh4 g6 20. Ne5 Be8 21. Qd4 Qc7 22. Ng4 Rf4 23. Nh6+ Kf8 24. Qh8+ Ke7 25. Qxh7+ Kd6 26. Qxc7+ Kxc7 27. f3 Bd7 28. Ng4 g5 29. Ne5 Rg8 30. h3 d4 31. cxd4 Rxd4 32. Rfd1 Rf4 33. Rac1 Rd8 34. Be4 Kb6 35. Rd6+ Ka7 36. Rxc5 Rc8 37. Rxd7+ 1-0

[Event "Winnipeg TNT October op"]
[Site "Winnipeg"]
[Date "2018.10.23"]
[Round "4.3"]
[White "Letain, Cory"]
[Black "Czypinski, Jaroslaw"]
[Result "0-1"]
[WhiteElo "1669"]
[BlackElo "1923"]
[PlyCount "62"]
[EventDate "2018.10.02"]
[EventType "swiss"]
[EventRounds "5"]
[EventCountry "CAN"]
[SourceTitle "EXT 2022"]
[Source "ChessBase"]
[SourceDate "2021.10.06"]
[SourceVersion "1"]
[SourceVersionDate "2021.10.06"]
[SourceQuality "1"]

1. e4 d5 2. d4 e6 3. Nc3 dxe4 4. Nxe4 Nf6 5. Nxf6+ Qxf6 6. Nf3 Qd8 7. c4 Bb4+ 8. Bd2 Bxd2+ 9. Qxd2 0-0 10. Bd3 Nd7 11. 0-0-0 c6 12. g4 c5 13. d5 exd5 14. cxd5 c4 15. Bf5 Nc5 16. Ne5 c3 17. bxc3 Bxf5 18. gxf5 Ne4 19. Qe3 Nxc3 20. Qxc3 Rc8 21. Nc6 bxc6 22. d6 Qg5+ 23. Kb2 Rb8+ 24. Ka1 Qxf5 25. Rhe1 Rfd8 26. Re5 Rxd6 27. Rde1 Qd7 28. Qf3 Re6 29. Rd1 Qe7 30. Ra5 Qb4 31. Qa3 Qd4+ 0-1

[Event "Winnipeg TNT January op"]
[Site "Winnipeg"]
[Date "2018.01.09"]
[Round "1"]
[White "Czypinski, Jaroslaw"]
[Black "Magyar, Peter"]
[Result "1/2-1/2"]
[WhiteElo "1921"]
[BlackElo "1501"]
[PlyCount "104"]
[EventDate "2018.01.09"]
[EventType "swiss"]
[EventRounds "4"]
[EventCountry "CAN"]
[SourceTitle "EXT 2022"]
[Source "ChessBase"]
[SourceDate "2021.10.06"]
[SourceVersion "1"]
[SourceVersionDate "2021.10.06"]
[SourceQuality "1"]

1. e4 e6 2. d4 d5 3. Nc3 c5 4. Nf3 Nc6 5. Be3 b6 6. Bb5 Bb7 7. exd5 exd5 8. dxc5 Bxc5 9. Bxc5 bxc5 10. Nxd5 Nge7 11. Nc3 0-0 12. 0-0 Nd4 13. Be2 Nef5 14. Qd3 Nxf3+ 15. Bxf3 Qxd3 16. cxd3 Bxf3 17. gxf3 Nd4 18. Kg2 f5 19. Rac1 Rf6 20. Rg1 f4 21. b3 Rd8 22. Ne4 Rg6+ 23. Kh1 Rxg1+ 24. Rxg1 Nxf3 25. Rd1 Rd5 26. Nc3 Rh5 27. Kg2 Nh4+ 28. Kh3 Nf3+ 29. Kg2 Ne5 30. Ne4 Rh6 31. Nxc5 Rg6+ 32. Kf1 Nf3 33. Ke2 Nd4+ 34. Kf1 f3 35. Ne4 Rg2 36. h3 Rh2 37. Ng3 Rxh3 38. Rc1 a6 39. Ke1 Rh6 40. Kd2 Re6 41. Ne4 Re5 42. Ke3 Rd5 43. Kd2 h5 44. Rc5 Rf5 45. Rxf5 Nxf5 46. Ng3 Nxg3 47. fxg3 g5 48. b4 Kf7 49. a4 Ke7 50. b5 axb5 51. d4 Kd7 52. a5 Kc7 1/2-1/2

[Event "Winnipeg Rosenbloom Memorial"]
[Site "Winnipeg"]
[Date "2017.12.19"]
[Round "7"]
[White "Czypinski, Jaroslaw"]
[Black "Viznytsya, Yevhen"]
[Result "1-0"]
[WhiteElo "1933"]
[BlackElo "1613"]
[PlyCount "65"]
[EventDate "2017.11.07"]
[EventType "swiss"]
[EventRounds "7"]
[EventCountry "CAN"]
[SourceTitle "EXT 2022"]
[Source "ChessBase"]
[SourceDate "2021.10.06"]
[SourceVersion "1"]
[SourceVersionDate "2021.10.06"]
[SourceQuality "1"]

1. e4 Nc6 2. Nf3 e5 3. Bb5 d6 4. d4 Bd7 5. 0-0 Nf6 6. Nc3 g6 7. Bg5 Bg7 8. dxe5 Nxe5 9. Nxe5 dxe5 10. Bxd7+ Qxd7 11. Qxd7+ Nxd7 12. Nd5 c6 13. Nc7+ Kf8 14. Nxa8 f6 15. Be3 Ke7 16. Nc7 Rc8 17. Na6 bxa6 18. Rfd1 Rc7 19. Rd3 c5 20. Rad1 h6 21. Rxd7+ Rxd7 22. Bxc5+ Ke6 23. Rxd7 Kxd7 24. Bxa7 Bf8 25. Kf1 Kc6 26. Ke2 f5 27. Kd3 f4 28. Bb8 Bg7 29. Kc4 Kb7 30. Bd6 Kc6 31. Be7 Kd7 32. Bc5 Kc6 33. b4 1-0

[Event "Winnipeg op"]
[Site "Winnipeg"]
[Date "2017.07.04"]
[Round "5"]
[White "Hemphill, Jim"]
[Black "Czypinski, Jaroslaw"]
[Result "0-1"]
[WhiteElo "1762"]
[BlackElo "1959"]
[PlyCount "98"]
[EventDate "2017.06.06"]
[EventType "swiss"]
[EventRounds "8"]
[EventCountry "CAN"]
[SourceTitle "EXT 2022"]
[Source "ChessBase"]
[SourceDate "2021.10.06"]
[SourceVersion "1"]
[SourceVersionDate "2021.10.06"]
[SourceQuality "1"]

1. d4 d5 2. Bf4 Bf5 3. e3 e6 4. Nf3 Nf6 5. Be2 Bd6 6. Bg3 Nbd7 7. Nbd2 0-0 8. Ne5 Ne4 9. f4 c5 10. c3 cxd4 11. exd4 Ndf6 12. Bh4 Nxd2 13. Qxd2 Be7 14. Bxf6 Bxf6 15. 0-0 Rc8 16. Bd3 Bxd3 17. Qxd3 g6 18. Qb5 Rc7 19. Nd3 Be7 20. Qa5 a6 21. Qa4 Rc4 22. Qd1 Bd6 23. g3 b5 24. a3 a5 25. Rf2 Qb6 26. Rb1 Rfc8 27. Kg2 Qd8 28. Ne5 R4c7 29. Nd3 Kg7 30. Kf3 Qe7 31. Qg1 b4 32. axb4 axb4 33. cxb4 Bxb4 34. Qd1 Bd6 35. Kg2 h5 36. Rc1 Rxc1 37. Nxc1 h4 38. Rc2 Rb8 39. Nd3 hxg3 40. hxg3 Qa7 41. Ne5 Qa4 42. Qd3 Rb3 43. Qd2 Rb6 44. Kh3 Qa1 45. Kg2 Rb8 46. Nd3 Qa4 47. Ne1 Bb4 48. Qf2 Bd6 49. Nd3 Qb3 0-1

[Event "Winnipeg op"]
[Site "Winnipeg"]
[Date "2017.06.27"]
[Round "4"]
[White "Czypinski, Jaroslaw"]
[Black "Nones, II Teodulfo"]
[Result "0-1"]
[WhiteElo "1959"]
[BlackElo "2281"]
[PlyCount "74"]
[EventDate "2017.06.06"]
[EventType "swiss"]
[EventRounds "8"]
[EventCountry "CAN"]
[SourceTitle "EXT 2022"]
[Source "ChessBase"]
[SourceDate "2021.10.06"]
[SourceVersion "1"]
[SourceVersionDate "2021.10.06"]
[SourceQuality "1"]

1. e4 c5 2. d4 cxd4 3. c3 d3 4. Nf3 Nc6 5. Bxd3 d6 6. Bc4 Nf6 7. 0-0 e6 8. Qe2 Be7 9. Rd1 Qc7 10. Na3 a6 11. Nc2 0-0 12. Bf4 Ne5 13. Bb3 b5 14. Nxe5 dxe5 15. Bg5 Bb7 16. Bxf6 Bxf6 17. Rd3 Rfd8 18. Rad1 Rxd3 19. Rxd3 Rd8 20. Rxd8+ Qxd8 21. Ne1 Qd6 22. Bc2 g6 23. Nf3 b4 24. c4 Bg7 25. Bb3 a5 26. Kf1 Qc6 27. Bc2 h6 28. Nd2 Ba6 29. b3 Qd6 30. Qd3 Bf8 31. Ke2 Qc7 32. Nf1 Bc5 33. Ne3 Bd4 34. Bd1 Qc5 35. Bc2 Kg7 36. Bd1 f5 37. exf5 exf5 0-1

[Event "Winnipeg TNT May op"]
[Site "Winnipeg"]
[Date "2017.05.16"]
[Round "3"]
[White "Czypinski, Jaroslaw"]
[Black "Wiebe, Isaac"]
[Result "0-1"]
[WhiteElo "1988"]
[BlackElo "2243"]
[PlyCount "68"]
[EventDate "2017.05.02"]
[EventType "swiss"]
[EventRounds "5"]
[EventCountry "CAN"]
[SourceTitle "EXT 2022"]
[Source "ChessBase"]
[SourceDate "2021.10.06"]
[SourceVersion "1"]
[SourceVersionDate "2021.10.06"]
[SourceQuality "1"]

1. Nf3 c5 2. e4 g6 3. d4 cxd4 4. Nxd4 Bg7 5. c4 Nc6 6. Nxc6 bxc6 7. Be2 Nf6 8. Nc3 0-0 9. 0-0 Qc7 10. Be3 Rb8 11. Qd2 Rd8 12. Rac1 Qb7 13. b3 d6 14. h3 Be6 15. Bf3 Nd7 16. Rfd1 Ne5 17. Be2 c5 18. f4 Nc6 19. Bf3 Nd4 20. Qf2 Bd7 21. Kh2 Bc6 22. Rf1 Rf8 23. Kg1 Rbe8 24. Kh2 f5 25. exf5 Nxf3+ 26. gxf3 Rxf5 27. Qg2 e5 28. Ne4 Qc7 29. fxe5 Bxe5+ 30. Kh1 Ref8 31. Nd2 Qf7 32. Bh6 Re8 33. Rce1 Rh5 34. Bg5 Qf5 0-1

[Event "Winnipeg TNT April op"]
[Site "Winnipeg"]
[Date "2017.04.18"]
[Round "3"]
[White "Czarny, Keith"]
[Black "Czypinski, Jaroslaw"]
[Result "0-1"]
[WhiteElo "1661"]
[BlackElo "1892"]
[PlyCount "120"]
[EventDate "2017.04.04"]
[EventType "swiss"]
[EventRounds "4"]
[EventCountry "CAN"]
[SourceTitle "EXT 2022"]
[Source "ChessBase"]
[SourceDate "2021.10.06"]
[SourceVersion "1"]
[SourceVersionDate "2021.10.06"]
[SourceQuality "1"]

1. Nf3 Nf6 2. c4 e6 3. g3 d5 4. cxd5 exd5 5. Bg2 Be7 6. 0-0 0-0 7. b3 c6 8. Bb2 Nbd7 9. e3 Re8 10. Nc3 Nf8 11. Ne2 Ng6 12. Qc2 Ne4 13. Nc3 Nxc3 14. Bxc3 Bf6 15. Bxf6 Qxf6 16. Qc3 Qxc3 17. dxc3 Ne5 18. Nxe5 Rxe5 19. Rac1 Bf5 20. Rcd1 Re7 21. Rd4 Rd7 22. Rf4 Be6 23. h4 f6 24. Rd1 Rad8 25. Bf3 Kf7 26. Kg2 g6 27. Rfd4 Ke7 28. Be2 Bf5 29. g4 Be6 30. R4d2 g5 31. h5 h6 32. Kg3 f5 33. f3 fxg4 34. fxg4 Rf8 35. Rf1 Rxf1 36. Bxf1 Rd8 37. Rf2 Rf8 38. Rxf8 Kxf8 39. Bd3 Ke7 40. Kf3 Kf6 41. e4 Ke5 42. exd5 Bxd5+ 43. Ke3 a5 44. c4 Be6 45. Be2 Bd7 46. Bd1 c5 47. Bf3 b6 48. a4 Be6 49. Be2 Bg8 50. Bd3 Kf6 51. Bf5 Bf7 52. Ke4 Be8 53. Ke3 Bxh5 54. Bc8 Bg6 55. Bb7 Bc2 56. Bc6 Bxb3 57. Bb5 Bd1 58. Bd7 Ke5 59. Kd2 Bb3 60. Ke3 Bxc4 0-1

[Event "Winnipeg TNT January op"]
[Site "Winnipeg"]
[Date "2016.01.26"]
[Round "4.4"]
[White "Czypinski, Jaroslaw"]
[Black "Czarny, Keith"]
[Result "1-0"]
[WhiteElo "1949"]
[BlackElo "1638"]
[PlyCount "78"]
[EventDate "2016.01.05"]
[EventType "swiss"]
[EventRounds "4"]
[EventCountry "CAN"]
[SourceTitle "EXT 2022"]
[Source "ChessBase"]
[SourceDate "2021.10.06"]
[SourceVersion "1"]
[SourceVersionDate "2021.10.06"]
[SourceQuality "1"]

1. Nf3 b6 2. b3 Bb7 3. Bb2 c5 4. e3 d5 5. d4 cxd4 6. Bb5+ Bc6 7. Nxd4 Bxb5 8. Nxb5 a6 9. Qxd5 Nd7 10. Qxa8 axb5 11. Qxd8+ Kxd8 12. Nc3 e5 13. 0-0-0 Ngf6 14. Nxb5 Ne4 15. Rhf1 f6 16. f3 Ng5 17. f4 Ne4 18. fxe5 Bc5 19. exf6 Bxe3+ 20. Kb1 Nd2+ 21. Rxd2 Bxd2 22. Rd1 Bh6 23. Nd6 Rg8 24. Nf7+ Kc7 25. Nxh6 gxh6 26. g3 Rf8 27. Rf1 h5 28. Kc1 Nc5 29. Ba3 Rf7 30. Rf5 Kd6 31. Rxh5 Rxf6 32. Rxh7 Kd5 33. Rh4 Kc6 34. Rf4 Re6 35. h4 Rg6 36. g4 Kb5 37. h5 Rh6 38. Kb2 Ka5 39. Kc3 Re6 1-0

[Event "Winnipeg TNT March op"]
[Site "Winnipeg"]
[Date "2014.03.11"]
[Round "2.4"]
[White "Czypinski, Jaroslaw"]
[Black "Melamedoff, Gustavo"]
[Result "0-1"]
[WhiteElo "1991"]
[BlackElo "2080"]
[PlyCount "82"]
[EventDate "2014.03.04"]
[EventType "swiss"]
[EventRounds "4"]
[EventCountry "CAN"]
[SourceTitle "EXT 2022"]
[Source "ChessBase"]
[SourceDate "2021.10.06"]
[SourceVersion "1"]
[SourceVersionDate "2021.10.06"]
[SourceQuality "1"]

1. e4 c5 2. c3 e6 3. Nf3 Nf6 4. e5 Nd5 5. Bc4 Nc6 6. 0-0 d6 7. d4 Nb6 8. Bb5 Bd7 9. exd6 cxd4 10. Bf4 Nd5 11. Bg3 h5 12. h4 f5 13. Bxc6 Bxc6 14. Nxd4 f4 15. Nxe6 Qxd6 16. Re1 Kd7 17. Bh2 Re8 18. Nxf8+ Rhxf8 19. Rxe8 Rxe8 20. c4 Nb4 21. Qxd6+ Kxd6 22. Bxf4+ Kc5 23. Nd2 Nd3 24. Be3+ Kb4 25. a3+ Ka4 26. b3+ Ka5 27. Kf1 b5 28. b4+ Ka4 29. c5 Nb2 30. Ra2 Nc4 31. Nxc4 bxc4 32. Ra1 c3 33. Ke1 Bxg2 34. Kd1 Kb3 35. Kc1 Rd8 36. Rb1+ Kc4 37. Kc2 Be4+ 38. Kc1 Bxb1 39. Kxb1 Kb3 40. c6 Rd1+ 41. Bc1 c2+ 0-1

[Event "Winnipeg TNT March op"]
[Site "Winnipeg"]
[Date "2014.03.04"]
[Round "1.4"]
[White "Magyar, Peter"]
[Black "Czypinski, Jaroslaw"]
[Result "0-1"]
[WhiteElo "1556"]
[BlackElo "1991"]
[PlyCount "86"]
[EventDate "2014.03.04"]
[EventType "swiss"]
[EventRounds "4"]
[EventCountry "CAN"]
[SourceTitle "EXT 2022"]
[Source "ChessBase"]
[SourceDate "2021.10.06"]
[SourceVersion "1"]
[SourceVersionDate "2021.10.06"]
[SourceQuality "1"]

1. e3 d5 2. c4 Nf6 3. Nf3 Bg4 4. Nc3 e6 5. Be2 c6 6. Ne5 Bxe2 7. Nxe2 Nbd7 8. f4 Bd6 9. d4 Ne4 10. 0-0 Ndf6 11. c5 Bc7 12. a3 0-0 13. b3 Nd7 14. Qe1 Ndf6 15. Kh1 Rb8 16. Ng1 Nd7 17. Ngf3 Ba5 18. b4 Bc7 19. Nd2 Nxd2 20. Bxd2 Nf6 21. Rf3 Ne4 22. Qe2 Qe7 23. Be1 Qd8 24. Rc1 a6 25. Rh3 Bxe5 26. fxe5 Qg5 27. Bh4 Qg6 28. Rf1 Ra8 29. a4 Nc3 30. Qf3 Ne4 31. Be1 Ng5 32. Qg3 Nxh3 33. Qxh3 Qb1 34. Qg3 Qg6 35. Qh3 Qd3 36. Qf3 Qc4 37. Bh4 Rae8 38. h3 Qd3 39. Bf6 gxf6 40. exf6 Kh8 41. Qf4 Qf5 42. g4 Qxf4 43. Rxf4 e5 0-1

[Event "Winnipeg TNT January op"]
[Site "Winnipeg"]
[Date "2014.01.21"]
[Round "3.4"]
[White "Czypinski, Jaroslaw"]
[Black "Platt, Alex"]
[Result "0-1"]
[WhiteElo "1991"]
[BlackElo "1975"]
[PlyCount "110"]
[EventDate "2014.01.07"]
[EventType "swiss"]
[EventRounds "4"]
[EventCountry "CAN"]
[SourceTitle "EXT 2022"]
[Source "ChessBase"]
[SourceDate "2021.10.06"]
[SourceVersion "1"]
[SourceVersionDate "2021.10.06"]
[SourceQuality "1"]

1. b3 e5 2. Bb2 Nc6 3. e3 Nf6 4. Bb5 d6 5. d3 Be7 6. Nf3 Bd7 7. 0-0 a6 8. Bxc6 Bxc6 9. e4 0-0 10. Nc3 b5 11. Ne2 Nh5 12. Ng3 Nxg3 13. hxg3 f5 14. Qe2 fxe4 15. dxe4 Qd7 16. Nh2 Rae8 17. Rad1 Qe6 18. f3 Qg6 19. g4 Bh4 20. Bc1 Bg3 21. Be3 Qf6 22. Bf2 Qh4 23. Bxg3 Qxg3 24. Qf2 Qxf2+ 25. Rxf2 b4 26. Nf1 Rb8 27. Ne3 Rb5 28. Nd5 Bxd5 29. Rxd5 Rxd5 30. exd5 Rb8 31. Re2 Kf7 32. Kf2 Rb5 33. Rd2 Ra5 34. Ke3 Rxa2 35. Kd3 Ra5 36. Kc4 Rb5 37. Rd1 Rc5+ 38. Kxb4 Rxc2 39. g3 Rc5 40. Ka4 Kf6 41. b4 Rc3 42. b5 axb5+ 43. Kxb5 Rxf3 44. Rc1 Rd3 45. Kc6 e4 46. Rf1+ Ke5 47. Rf5+ Kd4 48. Kxc7 e3 49. Kxd6 e2 50. Rf4+ Ke3 51. Rf7 e1Q 52. Re7+ Kf2 53. Rxe1 Kxe1 54. Ke6 Kf2 55. g5 Kxg3 0-1

[Event "Winnipeg TNT September"]
[Site "Winnipeg"]
[Date "2011.09.13"]
[Round "1"]
[White "Czypinski, Jaroslaw"]
[Black "Evans, Brian"]
[Result "1-0"]
[WhiteElo "1942"]
[BlackElo "1554"]
[PlyCount "97"]
[EventDate "2011.09.06"]
[EventType "swiss"]
[EventRounds "4"]
[EventCountry "CAN"]
[SourceTitle "EXT 2023"]
[Source "ChessBase"]
[SourceDate "2022.10.05"]
[SourceVersion "1"]
[SourceVersionDate "2022.10.05"]
[SourceQuality "1"]

1. Nf3 Nf6 2. d4 d6 3. Nc3 Bf5 4. e3 g6 5. Bd3 Bxd3 6. Qxd3 c6 7. 0-0 Bg7 8. e4 0-0 9. Be3 Nbd7 10. Rad1 Ng4 11. h3 Nxe3 12. Qxe3 Qc7 13. Rfe1 e5 14. dxe5 dxe5 15. b3 b6 16. Na4 Rad8 17. c4 Nf6 18. Nc3 Rxd1 19. Rxd1 Rd8 20. Rxd8+ Qxd8 21. Nxe5 Qd6 22. Nf3 Nd7 23. Ne2 Qd1+ 24. Kh2 Nc5 25. Ned4 Ne6 26. Nxe6 fxe6 27. e5 c5 28. Qe4 Qd8 29. Qc6 Qe7 30. h4 h6 31. g3 Bf8 32. Kg2 Kf7 33. Nd2 Bg7 34. Qe4 Qd7 35. Qf4+ Ke7 36. Nf3 Qd3 37. Ne1 Qe2 38. Nf3 Qxa2 39. Qe4 Kf7 40. Qd3 Bf8 41. Nd2 Qa1 42. Qf3+ Kg8 43. Qf6 Qd4 44. Qxe6+ Kh8 45. Nf3 Qe4 46. Qf7 Bg7 47. e6 Qf5 48. Qxf5 gxf5 49. e7 1-0

[Event "Winnipeg TNT July op"]
[Site "Winnipeg"]
[Date "2011.07.26"]
[Round "4"]
[White "Czypinski, Jaroslaw"]
[Black "Bince, Rolando"]
[Result "0-1"]
[WhiteElo "1941"]
[BlackElo "2064"]
[PlyCount "74"]
[EventDate "2011.07.05"]
[EventType "swiss"]
[EventRounds "4"]
[EventCountry "CAN"]
[SourceTitle "EXT 2022"]
[Source "ChessBase"]
[SourceDate "2021.10.06"]
[SourceVersion "1"]
[SourceVersionDate "2021.10.06"]
[SourceQuality "1"]

1. e4 e6 2. d4 d5 3. exd5 exd5 4. Bd3 Nf6 5. Nf3 Bg4 6. h3 Bh5 7. Bg5 Be7 8. Nbd2 0-0 9. c3 c5 10. dxc5 Bxc5 11. 0-0 Nc6 12. Qc2 h6 13. Bh4 Bxf3 14. Nxf3 Qd6 15. Bg3 Qxg3 16. Rae1 Qc7 17. Re2 Rfe8 18. Rfe1 Rxe2 19. Rxe2 Re8 20. Rxe8+ Nxe8 21. Qa4 Kf8 22. Qb5 Ne7 23. Bc2 a6 24. Qd3 Nf6 25. Nd4 Qe5 26. Qd2 Bxd4 27. cxd4 Qc7 28. Qe2 g6 29. g3 Kg7 30. h4 Nc6 31. Qd2 Qb6 32. h5 Qxb2 33. hxg6 fxg6 34. Qd3 Ne4 35. f3 Qxd4+ 36. Qxd4+ Nxd4 37. Bd1 Nc3 0-1

[Event "Winnipeg TNT July op"]
[Site "Winnipeg"]
[Date "2011.07.19"]
[Round "3"]
[White "Czypinski, Jaroslaw"]
[Black "Li, Kevin"]
[Result "1/2-1/2"]
[WhiteElo "1941"]
[BlackElo "2210"]
[PlyCount "79"]
[EventDate "2011.07.05"]
[EventType "swiss"]
[EventRounds "4"]
[EventCountry "CAN"]
[SourceTitle "EXT 2022"]
[Source "ChessBase"]
[SourceDate "2021.10.06"]
[SourceVersion "1"]
[SourceVersionDate "2021.10.06"]
[SourceQuality "1"]

1. d4 Nf6 2. Nf3 e6 3. e3 d5 4. Bd3 c5 5. b3 Nc6 6. Bb2 Be7 7. Nbd2 0-0 8. 0-0 cxd4 9. exd4 Qc7 10. a3 Nd7 11. Ne5 Ncxe5 12. dxe5 Nc5 13. Be2 f6 14. f4 fxe5 15. fxe5 Na4 16. Rxf8+ Bxf8 17. Bd4 Nc3 18. Bxc3 Qxc3 19. Nf3 Bd7 20. Bd3 Be7 21. a4 Rf8 22. Qe1 Bb4 23. Qxc3 Bxc3 24. Rd1 a6 25. Be2 b5 26. axb5 axb5 27. Bd3 b4 28. Be2 h6 29. g3 g5 30. Nd4 Kf7 31. Kf2 Ke7+ 32. Ke3 Be8 33. Bg4 Bf7 34. Rf1 h5 35. Be2 g4 36. Bd3 Ra8 37. Nc6+ Ke8 38. Bb5 Kf8 39. Nd4 Ke7 40. Nc6+ 1/2-1/2

[Event "Winnipeg TNT June op"]
[Site "Winnipeg"]
[Date "2011.06.14"]
[Round "2"]
[White "Czypinski, Jaroslaw"]
[Black "Kernetsky, Myron"]
[Result "1-0"]
[WhiteElo "1927"]
[BlackElo "2016"]
[PlyCount "61"]
[EventDate "2011.06.07"]
[EventType "swiss"]
[EventRounds "4"]
[EventCountry "CAN"]
[SourceTitle "EXT 2022"]
[Source "ChessBase"]
[SourceDate "2021.10.06"]
[SourceVersion "1"]
[SourceVersionDate "2021.10.06"]
[SourceQuality "1"]

1. e4 e6 2. c4 d5 3. exd5 exd5 4. cxd5 Nf6 5. Bb5+ Nbd7 6. Nf3 Be7 7. 0-0 0-0 8. d4 Nb6 9. Nc3 Nbxd5 10. Re1 Bf5 11. Bg5 h6 12. Bh4 Nf4 13. Bg3 Ng6 14. Nh4 Nxh4 15. Bxh4 c6 16. Bc4 Rc8 17. Bb3 Rc7 18. d5 Nxd5 19. Nxd5 cxd5 20. Rxe7 Rxe7 21. Bxe7 Qxe7 22. Qxd5 Bg6 23. Rd1 Re8 24. h3 Be4 25. Qd2 Bc6 26. Bd5 Rd8 27. Bxf7+ Kxf7 28. Qxd8 Qe4 29. Qc7+ Kg8 30. Qd8+ Kh7 31. Qd3 1-0

[Event "Winnipeg TNT May op"]
[Site "Winnipeg"]
[Date "2011.05.03"]
[Round "1"]
[White "Wolchock, Joe"]
[Black "Czypinski, Jaroslaw"]
[Result "0-1"]
[WhiteElo "1388"]
[BlackElo "1943"]
[PlyCount "46"]
[EventDate "2011.05.03"]
[EventType "swiss"]
[EventRounds "5"]
[EventCountry "CAN"]
[SourceTitle "EXT 2022"]
[Source "ChessBase"]
[SourceDate "2021.10.06"]
[SourceVersion "1"]
[SourceVersionDate "2021.10.06"]
[SourceQuality "1"]

1. e4 d5 2. Nc3 d4 3. Nce2 e5 4. Nf3 Nc6 5. Ng3 Bg4 6. h3 Bxf3 7. Qxf3 Nb4 8. Qd1 d3 9. cxd3 Nxd3+ 10. Bxd3 Qxd3 11. Qe2 0-0-0 12. Qxd3 Rxd3 13. 0-0 Bc5 14. b3 Rxg3 15. Kh2 Rd3 16. Rb1 Nf6 17. Rd1 Bxf2 18. Bb2 Bg3+ 19. Kg1 Nxe4 20. Rbc1 Rhd8 21. Rc4 Nxd2 22. Rdc1 Nxc4 23. Rxc4 Rd1# 0-1

[Event "Winnipeg Shpan Memorial"]
[Site "Winnipeg"]
[Date "2010.12.07"]
[Round "6"]
[White "Czypinski, Jaroslaw"]
[Black "Czarny, Keith"]
[Result "1-0"]
[WhiteElo "1960"]
[BlackElo "1621"]
[PlyCount "105"]
[EventDate "2010.11.02"]
[EventType "swiss"]
[EventRounds "6"]
[EventCountry "CAN"]
[SourceTitle "EXT 2022"]
[Source "ChessBase"]
[SourceDate "2021.10.06"]
[SourceVersion "1"]
[SourceVersionDate "2021.10.06"]
[SourceQuality "1"]

1. e4 Nf6 2. Nc3 e5 3. Nf3 Nc6 4. Bb5 d6 5. d3 Bd7 6. Bg5 Be7 7. 0-0 0-0 8. Qe2 Bg4 9. Bxc6 bxc6 10. h3 Bh5 11. Qe3 d5 12. exd5 cxd5 13. Qxe5 Bxf3 14. gxf3 Re8 15. Bxf6 Bxf6 16. Qxd5 Qc8 17. Rfe1 Rd8 18. Qh5 Rd4 19. Re4 g6 20. Qg4 Rd6 21. Qxc8+ Rxc8 22. Rae1 Kf8 23. Na4 Rd5 24. b3 h5 25. Kf1 Rcd8 26. Rc4 Rf5 27. Rxc7 Rxf3 28. Kg2 Rf5 29. Rc5 Rf4 30. f3 Be7 31. Rc7 Bh4 32. Re4 Rxe4 33. fxe4 Rd6 34. e5 Re6 35. d4 f6 36. Nc5 Re8 37. e6 f5 38. d5 f4 39. Kf3 Bd8 40. Rf7+ Kg8 41. Kxf4 g5+ 42. Kf3 Kh8 43. Ne4 Rg8 44. Nf6 g4+ 45. hxg4 hxg4+ 46. Kg3 Bxf6 47. Rxf6 Rc8 48. c4 a5 49. Rf8+ Rxf8 50. e7 Rf3+ 51. Kxg4 Re3 52. d6 a4 53. d7 1-0

[Event "Winnipeg TNT September op"]
[Site "Winnipeg"]
[Date "2010.09.07"]
[Round "1.4"]
[White "Czypinski, Jaroslaw"]
[Black "Trueman, Francis"]
[Result "1-0"]
[WhiteElo "1905"]
[BlackElo "1541"]
[PlyCount "84"]
[EventDate "2010.09.07"]
[EventType "swiss"]
[EventRounds "4"]
[EventCountry "CAN"]
[SourceTitle "EXT 2022"]
[Source "ChessBase"]
[SourceDate "2021.10.06"]
[SourceVersion "1"]
[SourceVersionDate "2021.10.06"]
[SourceQuality "1"]

1. e4 d6 2. d4 Nf6 3. Nc3 g6 4. Nf3 Bg7 5. Be2 0-0 6. 0-0 Nbd7 7. Bg5 h6 8. Bh4 g5 9. Bg3 Nh5 10. e5 Nxg3 11. fxg3 c6 12. exd6 exd6 13. Ne4 Qc7 14. c4 f5 15. Nc3 Nf6 16. Nd2 Bd7 17. Qc2 Ng4 18. Bxg4 fxg4 19. Qg6 Be8 20. Qe6+ Bf7 21. Qxg4 Qb6 22. Nb3 Bxc4 23. Rxf8+ Rxf8 24. Rd1 a5 25. h4 Bxb3 26. axb3 Bf6 27. Qe6+ Kg7 28. Qxd6 Rd8 29. Qe6 Rxd4 30. Rxd4 Qxd4+ 31. Kh2 gxh4 32. Kh3 Qe5 33. Qg4+ Qg5 34. Qd7+ Kg6 35. Qe8+ Kg7 36. Ne4 Qf5+ 37. g4 Qe5 38. Qd7+ Kg6 39. Qd3 Qxb2 40. Ng3+ Kg7 41. Qd7+ Kg6 42. Qd3+ Kg7 1-0